Islands That Start with W - Statistics

General Stats
  • This quiz has been taken 35 times
  • The average score is 4 of 8
Answer Stats
Hint Island % Correct
Largest island in the French collectivity of ____ and Futuna, in the South Pacific {Wallis} Island
77%
'Upwind' islands in the Caribbean, including Martinique, Dominica, St Lucia, St Vincent and Grenada {Windward} Islands
68%
Island off the tip of the Door Peninsula in Wisconsin, named after a U.S. president {Washington} Island
61%
Unincorporated territory of the U.S. in the western Pacific {Wake} Island
52%
Island chain extending from Florida to Venezuela, sometimes synonymous with the Caribbean {West} {Indies}
45%
Russian island in the East Siberian Sea; Russian О́стров Вра́нгеля (Ostrov Vrangelya) {Wrangel} Island
32%
Island off New Zealand's North Island, with continuous volcanic activity over the past 150,000 years {Whakaari} / {White} Island
29%
Third-most populous island and the most densely populated island of New Zealand {Waiheke} Island
13%
No matching quizzes found
Score Distribution
Percent of People with Each Score
Percentile by Number Answered
Your Score History
You have not taken this quiz